| 000 | 00450nam a2200133Ia 4500 | ||
|---|---|---|---|
| 008 | 170516s9999 xx 000 0 und d | ||
| 245 | _aComparison of T2 and T2 *-weighted MR molecular imaging of a mouse model of glioma | ||
| 260 | _bBMC Medical Imaging | ||
| 260 | _c2013 | ||
| 300 | _a13: | ||
| 650 | _xMedical Technology | ||
| 650 | _xMedtech | ||
| 856 | _uhttp://bmcmedimaging.biomedcentral.com/articles?query=&volume=13&searchType=&tab=keyword | ||
| 999 |
_c330122 _d330122 |
||